Soccer Logos - La Liga - Statistics

General Stats
  • This quiz has been taken 363 times
    121 since last reset
  • The average score is 17 of 20
Answer Stats
Picture Answer % Correct
Atlético Madrid
100%
Athletic Club
99%
FC Barcelona
93%
Real Madrid
92%
CA Osasuna
91%
Real Betis
91%
Real Sociedad
90%
Girona FC
89%
Sevilla FC
89%
Valencia CF
89%
Villarreal CF
89%
RC Celta
88%
RCD Espanyol
88%
Deportivo Alavés
87%
Getafe CF
85%
RCD Mallorca
84%
Levante
83%
Rayo Vallecano
83%
Real Oviedo
69%
Elche CF
38%
No matching quizzes found
Score Distribution
Percent of People with Each Score
Percentile by Number Answered
Your Score History
You have not taken this quiz since the last reset